00442nam a2200181Ia 4500003000400000005001700004008004100021040000700062041000800069082001900077100001600096245007100112260003400183300000700217365000800224650000800232650002000240OSt20230524185150.0210423s1986 xx 000 0 und d cAL aeng a340 223bDESW aDESAI (A R) aWomens liberation and policies of religious personal laws in india bC G Shah Memorial Trustc1986 bPB cINR aLaw aSocial Sciences